000 00344nam a2200133Ia 4500
008 240624s9999 xx 000 0 und d
041 _aeng
082 _a515 EDM
100 _aEDMUNDS D E
245 _aFUNCTION SPACES AND APPLICATIONS
260 _c2000
_aNew Delhi
_bNarosa Publishing House Pvt. Ltd.
300 _a286 : p.
365 _cRS
_b30
999 _c12612
_d12612